|
|
|
|
| LEADER |
01711nam a2200457Ia 4500 |
| 001 |
EBC1158301 |
| 003 |
MiAaPQ |
| 005 |
20200520144314.0 |
| 006 |
m o d | |
| 007 |
cr cn||||||||| |
| 008 |
121008s2013 enk sb 001 0 eng d |
| 020 |
|
|
|z 9781441147844 (hbk.)
|
| 020 |
|
|
|z 1441147845 (hbk.)
|
| 020 |
|
|
|z 9781441134035 (PDF ebook)
|
| 020 |
|
|
|z 1441134034 (PDF ebook)
|
| 020 |
|
|
|z 9781441187246 (ePub ebook)
|
| 020 |
|
|
|z 1441187243 (ePub ebook)
|
| 035 |
|
|
|a (MiAaPQ)EBC1158301
|
| 035 |
|
|
|a (Au-PeEL)EBL1158301
|
| 035 |
|
|
|a (CaPaEBR)ebr10678730
|
| 035 |
|
|
|a (CaONFJC)MIL603851
|
| 035 |
|
|
|a (OCoLC)833766634
|
| 040 |
|
|
|a MiAaPQ
|c MiAaPQ
|d MiAaPQ
|
| 050 |
|
4 |
|a HF3099
|b .B373 2013
|
| 082 |
0 |
4 |
|a 382.097304
|2 23
|
| 100 |
1 |
|
|a La Barca, Giuseppe.
|
| 245 |
1 |
0 |
|a International trade in the 1970s
|h [electronic resource] :
|b the US, the EC and protectionism /
|c Giuseppe La Barca.
|
| 260 |
|
|
|a London :
|b Continuum,
|c 2013.
|
| 300 |
|
|
|a ix, 236 p.
|
| 504 |
|
|
|a Includes bibliographical references and index.
|
| 533 |
|
|
|a Electronic reproduction. Ann Arbor, MI : ProQuest, 2015. Available via World Wide Web. Access may be limited to ProQuest affiliated libraries.
|
| 650 |
|
0 |
|a International trade.
|
| 651 |
|
0 |
|a United States
|x Commercial policy.
|
| 651 |
|
0 |
|a Europe
|x Commercial policy.
|
| 651 |
|
0 |
|a United States
|x Foreign economic relations.
|
| 651 |
|
0 |
|a Europe
|x Foreign economic relations.
|
| 651 |
|
0 |
|a United States
|x Economic conditions
|y 1971-1981.
|
| 651 |
|
0 |
|a Europe
|x Economic conditions
|y 1945-
|
| 655 |
|
4 |
|a Electronic books.
|
| 710 |
2 |
|
|a ProQuest (Firm)
|
| 856 |
4 |
0 |
|u https://ebookcentral.proquest.com/lib/matrademy/detail.action?docID=1158301
|z Click to View
|